000 00491nam a22001697a 4500
999 _c158827
_d158827
005 20190515144831.0
010 _aB-163355
020 _a8172236115
_c295.00
035 _aB-163355,B-163362
037 _bHarper Collins Publishers
082 _aS
245 _aThe Harpercollins book of Urdu short stories/
_cMuhammad Umar Memon
260 _aNew Delhi
_bHarper Collins Publishers
_c2005
300 _a256p.
_c22cm (pbk)
700 _a Memon, Muhammad Umar
942 _2ddc
_cEN
_hS
_mTHE